The Water Environment (Controlled Activities) (Scotland) Regulations 2005 (CAR) (Record no. 109965)

MARC details
000 -LEADER
fixed length control field 01148cad a22002175a 4500
001 - CONTROL NUMBER
control field E148231
008 - FIXED-LENGTH DATA ELEMENTS--GENERAL INFORMATION
fixed length control field 090527s2009 xxk f 000 0 eng d
035 ## - SYSTEM CONTROL NUMBER
System control number (Sirsi) u148231
041 0# - LANGUAGE CODE
Language code of text/sound track or separate title eng
050 04 - LIBRARY OF CONGRESS CALL NUMBER
Classification number 526.99 $2 18
110 2# - MAIN ENTRY--CORPORATE NAME
Corporate name or jurisdiction name as entry element Scottish Environment Protection Agency
9 (RLIN) 3523
245 04 - TITLE STATEMENT
Title The Water Environment (Controlled Activities) (Scotland) Regulations 2005 (CAR)
Remainder of title guidance for applicants on supporting information requirements for hydropower applications, working draft
Medium [electronic resource]
260 ## - PUBLICATION, DISTRIBUTION, ETC.
Place of publication, distribution, etc. [S.l.]
Name of publisher, distributor, etc. SEPA
Date of publication, distribution, etc. 2009
520 ## - SUMMARY, ETC.
Summary, etc. Offers guidance to those intending to construct a hydropower scheme in Scotland, including the process of obtaining a water use licence and the information required in support of an application for a licence. Also identifies other consents which may be necessary and how these relate to the SEPA licence.
521 ## - TARGET AUDIENCE NOTE
Target audience note Advanced
590 ## - LOCAL NOTE (RLIN)
Local note KA
651 #4 - SUBJECT ADDED ENTRY--GEOGRAPHIC NAME
Geographic name Scotland
Chronological subdivision 1999-
690 ## - LOCAL SUBJECT ADDED ENTRY--TOPICAL TERM (OCLC, RLIN)
Topical term or geographic name as entry element ENVIRONMENTAL AND LAND CONSULTANCY-ENERGY-RENEWABLE ENERGY
856 40 - ELECTRONIC LOCATION AND ACCESS
Uniform Resource Identifier <a href="https://www.sepa.org.uk/water/water_publications.aspx">https://www.sepa.org.uk/water/water_publications.aspx</a>
Public note View the report free of charge at www.sepa.org.uk...
942 ## - ADDED ENTRY ELEMENTS (KOHA)
Suppress in OPAC 0
Holdings
Withdrawn status Lost status Source of classification or shelving scheme Damaged status Not for loan Home library Current library Shelving location Date acquired Total Checkouts Full call number Barcode Date last seen Copy number Price effective from Koha item type
    Dewey Decimal Classification     Virtual Virtual Online 21/08/2009   ONLINE PUBLICATION 148231-2001 06/08/2019 1 06/08/2019 Book